Nghiên cứu điều chế chitosan từ chitin vỏ ghẹ và ứng dụng làm phụ gia mạ kẽm điện hóa.
Nghiên cứu nguồn gốc, trạng thái tồn tại của chitin. Nghiên cứu các tính chất hoá lý của chitin, chitosan. Phương pháp chiết tách chitin, điều chế chitosan. Nghiên cứu quy trình đặc điểm của công nghệ mạ kim loại điện hoá, chú ý các phương pháp mạ kẽm điện hoá. Nghiên cứu khả năng sử dụng chitosan t...
保存先:
| 第一著者: | |
|---|---|
| その他の著者: | |
| フォーマット: | 図書 |
| 言語: | Vietnamese |
| 出版事項: |
Đà Nẵng
Đại học Sư phạm, Đại học Đà Nẵng
2013
|
| 主題: | |
| タグ: |
タグ追加
タグなし, このレコードへの初めてのタグを付けませんか!
|
| Thư viện lưu trữ: | Mạng thư viện Đại học Đà Nẵng |
|---|
| LEADER | 02008nam a2200373 4500 | ||
|---|---|---|---|
| 001 | 000018804 | ||
| 003 | 15239 | ||
| 005 | 20140110150124.0 | ||
| 008 | 140109s2013 viesd | ||
| 041 | |a vie | ||
| 082 | 1 | 4 | |a 660.6 |b TR-T |
| 100 | 1 | |a Trương Thị Mỹ Thảo | |
| 245 | 1 | 0 | |a Nghiên cứu điều chế chitosan từ chitin vỏ ghẹ và ứng dụng làm phụ gia mạ kẽm điện hóa. |c Trương Thị Mỹ Thảo ; Lê Tự Hải hướng dẫn |k Khóa luận tốt nghiệp |
| 260 | |a Đà Nẵng |b Đại học Sư phạm, Đại học Đà Nẵng |c 2013 | ||
| 300 | |a 57 tr., phụ lục 6 tr. |b Hình mh. |c 29 cm. |e Bản tóm tắt | ||
| 500 | |a Khóa luận tốt nghiệp đại học. Chuyên ngành: Sư phạm hóa học | ||
| 520 | |a Nghiên cứu nguồn gốc, trạng thái tồn tại của chitin. Nghiên cứu các tính chất hoá lý của chitin, chitosan. Phương pháp chiết tách chitin, điều chế chitosan. Nghiên cứu quy trình đặc điểm của công nghệ mạ kim loại điện hoá, chú ý các phương pháp mạ kẽm điện hoá. Nghiên cứu khả năng sử dụng chitosan trong mạ kẽm điện hoá. | ||
| 650 | 0 | 4 | |a Vỏ ghẹ |v Khóa luận tốt nghiệp |x Chitosan |x Điều chế |
| 650 | 0 | 4 | |a Chitosan |v Khóa luận tốt nghiệp |x Phụ gia mạ kẽm điện hóa |
| 653 | |a Chitosan | ||
| 653 | |a Khoa Hóa | ||
| 653 | |a Chitin vỏ ghẹ | ||
| 653 | |a Phụ gia mạ kẽm điện hóa | ||
| 700 | 1 | |a Lê Tự Hải |c PGS.TS |e Hướng dẫn | |
| OWN | |a LSP | ||
| AVA | |a UDN50 |b LSP |d 660.6 TR-T |e available |t Error 5001 Not defined in file expand_doc_bib_avail. |f 1 |g 0 |h N |i 0 |k 1 | ||
| 999 | |a From the UDN01 | ||
| AVA | |a UDN50 |b LSP |d 660.6 TR-T |e available |t Error 5001 Not defined in file expand_doc_bib_avail. |f 1 |g 0 |h N |i 0 |k 1 | ||
| TYP | |a Monograph | ||
| TYP | |a Printed language | ||
| 980 | |a Mạng thư viện Đại học Đà Nẵng | ||